Top 25 Collage Football Teams in 2021 - Statistics

General Stats
  • This quiz has been taken 333 times
  • The average score is 10 of 25
Answer Stats
Hint Answer % Correct
1 Alabama
92%
3 Georgia
81%
7 Ohio St
78%
2 Michigan
73%
19 Clemson
63%
15 Oregon
54%
14 Oklahoma
53%
5 Notre Dame
49%
8 Ole Miss/ Mississippi
43%
4 Cincinnati
40%
11 Michigan St
40%
17 Iowa
38%
23 Texas A&M
38%
10 Utah
36%
9 Oklahoma St
35%
6 Baylor
33%
12 BYU
33%
25 Kentucky
30%
22 Arkansas
28%
13 Pitt
26%
18 NC St
21%
16 Louisiana
20%
21 Houston
18%
20 Wake Forest
18%
24 UTSA
5%
No matching quizzes found
Score Distribution
Percent of People with Each Score
Percentile by Number Answered
Your Score History
You have not taken this quiz